00703 2200253 4500001002100000005001700021008004100038020002200079035002400101041000800125043001200133082001200145090002300157100001800180245010200198250001000300260003300310300001900343504001600362650002000378700001700398850001200415999002200427YOGYA-0511000000157920110525130843.0 ind  a978-602-955-732-9 0010-051100000001578 aInd aYOPDYOG a616.157 aDep 616.157bRam M aRAMADHAN, A.J aMencermati berbagai gangguan pada darah dan pemuluh dagrh/ A.J Ramadhan; editor K.S Panguambaraan acet 1 aYogyakartabDiva Pressc2010 a278 hlmc20 cm ahlm 271-276 aDarah, Gangguan aPangumbaraan aYOPDYOG aCB-D.11-2010-1564